[Event "Metz op 30th"]
[Site "Metz"]
[Date "2012.04.18"]
[Round "7"]
[White "Vaibhav, Suri"]
[Black "Sanikidze, Tornike"]
[Result "0-1"]
[WhiteElo "2494"]
[BlackElo "2549"]
[Annotator "Metz Alekhine/Primel,D"]
[PlyCount "116"]
[EventDate "2012.04.14"]
[EventType "swiss"]
[EventRounds "9"]
[EventCountry "FRA"]
[SourceTitle "EXT 2013"]
[Source "ChessBase"]
[SourceDate "2012.11.22"]
[SourceVersion "1"]
[SourceVersionDate "2012.11.22"]
[SourceQuality "1"]

1. e4 {01h30} c5 2. Nf3 d6 3. d4 cxd4 4. Nxd4 Nf6 5. Nc3 Nc6 6. Bc4 e6 (6...
Qb6) 7. Bb3 a6 8. Be3 Qc7 9. f4 Be7 10. Qf3 Nxd4 (10... O-O {La grande ligne}
11. O-O (11. O-O-O) 11... Bd7 (11... Na5)) 11. Bxd4 b5 12. e5 (12. a3 Bb7 13.
O-O O-O 14. Rae1 {Ljubojevic,L (2580)-Anand,V (2720) Buenos Aires Sicilian
1994 (1) 0-1} (14. f5)) (12. O-O-O Bb7 13. g4 b4 14. g5 bxc3 15. gxf6 Bxf6 16.
Bxf6 gxf6 17. f5 cxb2+ 18. Kb1 O-O-O 19. fxe6 fxe6 20. Bxe6+ Kb8 21. Rd4 Rhe8
22. Qb3 Ka7 23. Rhd1 Re7 24. Rc4 Qb6 25. Rb4 Qf2 26. a3 Rc7 27. Qxb2 Qxh2 28.
Qd4+ Ka8 29. Bb3 Qe5 30. Qf2 Rdd7 31. Rd5 Qc3 32. Rd3 Qe5 33. Rd5 Qc3 34. Rf5
Rg7 35. Rxf6 Qc5 36. Qd4 Qxd4 37. Rxd4 h5 38. Rfxd6 h4 39. Rh6 Rh7 40. Rd8+ Ka7
41. Rh8 Bxe4 {Nisipeanu,L (2673)-Berkes,F (2610) Moscow 2005 1/2-1/2 (63)})
12... dxe5 13. Bxe5 (13. fxe5 Bb7 14. Qg3 Ne4 15. Qxg7 O-O-O 16. Rf1 Rhg8 17.
Qxf7 Rxg2 18. Qxe6+ Kb8 19. O-O-O Bg5+ 20. Kb1 Nd2+ 21. Rxd2 Rxd2 22. Bb6 Qxc3
23. Bxd8 Qf3 24. Bc7+ Kxc7 25. Qf7+ Qxf7 26. Rxf7+ Rd7 {0-1 (26) Madl,I (2408)
-Chiburdanidze,M (2545) Batumi 2000}) 13... Qb7 14. Qg3 b4 (14... a5 $36 {
[%csl Rb3][%cal Ga5a4]}) 15. Ne2 O-O 16. O-O-O (16. O-O a5 17. Kh1 Qa6 {
[%cal Ga5a4]} (17... a4 18. Bc4)) 16... a5 (16... Bd7 $5 {[%cal Ga6a5,Ga5a4]})
17. Ba4 Qe4 $146 (17... g6 {Voitsekhovsky,S (2558)-Loginov,V (2532) Novgorod
op 1999 (9) 1/2}) (17... Qb6 18. Rhe1 Bb7 19. f5 (19. Rd7 Nh5) 19... exf5 20.
Nd4 Nh5 21. Qh3 g6 22. Nxf5 {Sanikidze inf 114}) 18. Rhe1 Qg6 19. Qf3 Nd5 20.
Nd4 (20. Bc6) 20... Bb7 21. Bc6 Bxc6 22. Nxc6 {[%csl Re7][%cal Gd1d5]} Rfe8 23.
f5 {[%csl Re7][%cal Gd1d5]} Qh6+ 24. Kb1 Bf6 25. fxe6 fxe6 26. Bd4 Qxh2 27. g3
Qh6 28. Rf1 (28. Rh1) 28... a4 (28... Rac8) 29. Bxf6 Qxf6 30. Qe4 Qg5 31. Nxb4
Nxb4 32. Qxb4 a3 33. Rd7 (33. Qf4) 33... axb2 (33... Reb8 $36) 34. Qc3 Rf8 35.
Rh1 (35. Rxf8+ Rxf8 36. Qe1 $11) 35... Rab8 36. Qd4 h6 37. a4 {Risqué} Rfd8 38.
Rf1 Rf8 (38... Rxd7 39. Qxd7 Qe3) 39. Rd1 Rfc8 40. a5 (40. Qe4 {[%csl Re6]} e5
41. Re1 Qxg3 42. Qxe5) 40... Ra8 41. Ra7 Rd8 42. Rxa8 Rxa8 43. Qb6 Qxa5 44.
Qxa5 Rxa5 45. Kxb2 Kf7 $17 {[%csl Ge6][%cal Ge6e1] Le K Blanc est un peu loin
de la défense de l'aile-roi et les Noirs ont des bonnes chances de gain} 46. c4
Rg5 47. Rd3 e5 48. Kc3 Ke6 49. Re3 (49. Kd2 $6 e4 50. Re3 Ke5 51. Ke2 Kd4)
49... Rg4 50. Kb4 e4 51. c5 (51. Kb5) 51... Kd5 52. Kb5 Rg6 53. Rc3 Rc6 54. Rc1
Rc8 55. Rd1+ Ke5 56. c6 $13 e3 57. Rd7 Ke4 58. Rxg7 $4 (58. Re7+ Kf3 59. Rf7+
Kg2 (59... Kxg3 60. Rxg7+) 60. Re7 Kf2 61. Rf7+) 58... Re8 0-1

[Event "Bundesliga 0607"]
[Site "Germany"]
[Date "2007.02.24"]
[Round "10.3"]
[White "Naumann, Alexander"]
[Black "Areshchenko, Alexander"]
[Result "0-1"]
[WhiteElo "2542"]
[BlackElo "2640"]
[Annotator "Meyer,CD"]
[PlyCount "84"]
[EventDate "2006.10.28"]
[EventType "team-tourn"]
[EventRounds "15"]
[EventCountry "GER"]
[SourceTitle "CBM 118"]
[Source "ChessBase"]
[SourceDate "2007.05.31"]
[SourceVersion "1"]
[SourceVersionDate "2007.05.31"]
[SourceQuality "1"]
[WhiteTeam "Solingen"]
[BlackTeam "Werder Bremen"]
[WhiteTeamCountry "GER"]
[BlackTeamCountry "GER"]

{[%mdl 4096]} 1. e4 c5 2. Nf3 d6 3. d4 cxd4 4. Nxd4 Nf6 5. Nc3 a6 6. Bc4 e6 7.
Bb3 Nc6 {Statt etwa 7...b5 oder Nbd7 (Najdorf) wählt Schwarz gegen den
Sozin-Angriff den Übergang zur Scheveninger Verteidigung.} 8. Be3 Be7 9. f4 O-O
10. Qf3 Nxd4 {Zeigt den Unterschied zur Najdorf-Variante auf: Durch den
Springertausch nebst dem anschließenden Aufzug des b-Bauern (b5) erhält das
Spiel einen nicht minder scharfen, eigenständigen Charakter.} 11. Bxd4 b5 12.
Bxf6 (12. e5 dxe5 13. Bxe5 (13. fxe5 Qxd4 $1 14. exf6 (14. Qxa8 $4 Ng4 15. Qf3
Bb7 16. Qe2 Bh4+) 14... Bc5 $1 $15) 13... Qb6 $13) 12... Bxf6 $1 13. e5 Bh4+
14. g3 Rb8 15. gxh4 (15. O-O-O $5 Bb7 16. Ne4 $13 {Kasparov} Be7 17. exd6 Bxd6
{[Hmadi-de Firmian, Tunis (izt) 1985]} 18. Qe3 Bxe4 19. Qxe4 Qc7 $11 {
Beljavskij, Mihalcisin [ECO (B3)]}) 15... Bb7 16. Ne4 dxe5 $1 (16... Qxh4+ 17.
Qg3 Qxg3+ 18. Nxg3 Bxh1 19. Nxh1 {(+/=, Kasparov)} dxe5 20. fxe5 Rfd8 21. Nf2
$1 (21. Rd1 $2 Rxd1+ 22. Kxd1 Rd8+ 23. Ke2 Rd4 24. Nf2 Rh4 25. h3 Rh5) 21...
Rd4 22. a4 $1 bxa4 23. Bxa4 Rh4 (23... Rxb2 24. Bb3) 24. Bb3 $16 {Ftacnik/CBM})
17. Rg1 g6 ({Oder z.B.: I} 17... Qxh4+ $6 18. Qg3 Qxg3+ 19. Nxg3 exf4 20. Nh5
$40 {Kasparov}) ({II} 17... Qd4 $2 18. Nf6+ Kh8 19. Qg3 $18 {Kasparov}) ({III} 
17... Bxe4 $6 18. Qxe4 Qxh4+ 19. Kf1 exf4 20. Rg2 $16 {Kasparov}) 18. Rf1 $5 ({
Offenbar gibt es hier noch einiges zu entdecken. Alternativen: I} 18. Rd1 Bxe4
19. Qxe4 Qxh4+ 20. Ke2 (20. Kf1 Rbd8 21. Rd3 $1 a5 $13 {Kasparov}) 20... Qxh2+
21. Rg2 Qxf4 {(?!, Kasparov)} (21... Qh5+ $1 22. Qf3 Qf5 {Kasparov}) 22. Qxf4
exf4 23. Kf3 Rfd8 24. Rxd8+ Rxd8 25. Kxf4 {remis/40, Short,N (2655)-Kasparov,G
(2805)/London (m12) 1993}) ({II} 18. c3 $5 {Kasparov}) ({III} 18. Rg5 Qd4 19.
Rxe5 Qg1+ $11 {Kasparov}) 18... f5 ({Die einzige Partie zu dem interessanten
18.Rf1!?, die ich in meinen Datenbänken finden konnte, ist die folgende,
leider wenig überzeugende:} 18... Qd4 $2 19. Nf6+ Kg7 20. c3 Qb6 21. Qe2 (21.
Qg3 $142 Kxf6 22. fxe5+ Kg7 23. O-O-O $16) 21... Kxf6 22. fxe5+ (22. Qxe5+ $142
Ke7 23. O-O-O) 22... Kg7 23. O-O-O Rbd8 24. h5 Rxd1+ 25. Rxd1 Rd8 26. hxg6 (26.
Rf1) 26... Rxd1+ 27. Bxd1 hxg6 28. Qd2 Qg1 29. Qf4 {remis, Wittmann,W (2333)
-Bluvshtein,M (2463)/Budapest 2003}) 19. Qc3 $2 ({Die näherliegende Alternative
} 19. Bxe6+ {scheint für Weiß okay zu sein:} Kh8 (19... Kg7 $6 20. Rd1 fxe4 21.
Qg3 $5 Qf6 (21... Qa5+ $2 22. b4 $1 Qxb4+ 23. c3 Qc5 (23... exf4 24. Rd7+ Kh8
25. Rxf4 Qc5 26. h5 $1 $18 g5 27. Rf5 Rxf5 28. Bxf5) 24. Rd7+ Kh8 25. f5 $18 g5
26. hxg5) 22. Rd7+ Kh8 23. f5 $40) 20. Qc3 $5 fxe4 (20... Qxh4+ 21. Ng3 Rbe8
22. Bd7 b4 (22... Re7 $4 23. O-O-O) 23. Qxb4 exf4+ 24. Bxe8 Rxe8+ 25. Kd1 Qd8+
26. Kc1 fxg3 27. hxg3 Qg5+ 28. Qf4 Qxf4+ 29. gxf4 Bg2 30. Rg1 Re2 $13) 21.
Qxe5+ Qf6 22. Bb3 Rbe8 23. Qxf6+ Rxf6 $13) 19... Bxe4 20. Bxe6+ $2 ({Danach
gerät Weiß definitiv in Schwierigkeiten. Eine wichtige Ressource für Schwarz
besteht nun darin, daß sein König via g7 gut nach h6 entschlüpfen kann!
Relativ besser waren: I} 20. Qxe5 Qxh4+ 21. Rf2 Bd5 22. Bxd5 exd5 23. Qxd5+ Kg7
24. Kf1 Rbd8 $15 (24... Rfe8) 25. Qb7+ Kh6 26. Re1 (26. Qxa6 $2 Qh3+ 27. Kg1
Rd1+ 28. Rxd1 Qg4+ 29. Kh1 Qxd1+ 30. Kg2 Qg4+ 31. Kh1 (31. Kf1 Rd8 $19) 31...
Re8 $19) 26... Rfe8 $15) ({II} 20. h5 Qd4 $5 (20... Qh4+ $6 21. Rf2 (21. Qg3 $6
Qxg3+ 22. hxg3 exf4)) 21. fxe5 Qxc3+ 22. bxc3 Kf7 $15) 20... Kg7 21. Rd1 (21.
Qxe5+ Kh6 $17) 21... Qxh4+ $17 22. Rf2 (22. Qg3 $4 Qxg3+ 23. hxg3 exf4 $19 {
, z.B.} 24. Rxf4 Rbe8 25. Rd7+ Kh6 26. Rh4+ Kg5 27. Rf7 Rxf7 28. Bxf7 Re7)
22... Rbd8 23. Rd7+ Rxd7 24. Bxd7 b4 $1 25. Qc7 $5 ({I} 25. Qxe5+ $2 Kh6 $19
26. Qd4 Rd8 27. Qd6 Bxc2) ({II} 25. Qxb4 $2 Rd8 $19 (25... exf4 $19)) 25... Kh6
$2 ({Gibt den Vorteil aus der Hand. Besser waren: I} 25... Rf7 26. fxe5 Qe7 27.
Rd2 f4 $17) ({II} 25... Qd8 26. Qxe5+ Kh6 27. Qc5 Rf7 28. Ba4 Re7 29. Re2 Rc7
$17) 26. fxe5 Qg5 27. Qd6 $2 ({Aber Weiß nutzt seine Chance nicht, und zur
nahenden Zeitkontrolle wird das Geschehen hektischer: I} 27. Qc5 $1 Rf7 28. e6
Re7 29. Kd1 $11) ({II} 27. e6 $4 Qc1+ 28. Ke2 f4 $1 $19) 27... Qc1+ 28. Qd1 (
28. Ke2 Qxc2+ 29. Qd2+ Qxd2+ 30. Kxd2 Rf7 31. e6 Re7 {/\Kg5-f6-+}) 28... Qxb2
29. Qd2+ (29. e6 Qe5) 29... Kg7 30. e6 Qa1+ 31. Ke2 Qe5 32. Kf1 Rb8 (32... a5)
33. Qg5 (33. Re2) 33... Qa1+ 34. Ke2 Qf6 $17 35. Qf4 Rb7 (35... Rf8 36. Qd6 (
36. Qc7 Qe7 37. Qe5+ Kg8 $19) 36... Rf7 37. Qxb4 Re7 $17) 36. Qd6 Bxc2 $4 $138
(36... g5 $1 37. Qc5 f4 38. e7 f3+ $19 {und Schwarz ist um ein Tempo schneller.
}) 37. Rf1 $4 $138 (37. Qc5 Rxd7 (37... Bb1 38. e7) 38. exd7 Ba4 39. Qxb4 Bxd7
40. Kd2 $15) 37... b3 $19 38. axb3 Rxb3 39. e7 Bd3+ 40. Kf2 Qxd6 41. e8=N+ Kf8
42. Nxd6 Rb2+ 0-1

[Event "Rockville Razuvaev Memorial"]
[Site "Rockville"]
[Date "2013.08.10"]
[Round "3.3"]
[White "Mikhalchishin, Adrian"]
[Black "Krush, Irina"]
[Result "1-0"]
[WhiteElo "2515"]
[BlackElo "2489"]
[Annotator "Mikhalchishin,A"]
[PlyCount "111"]
[EventDate "2013.08.08"]
[EventType "schev"]
[EventRounds "4"]
[EventCountry "USA"]
[SourceTitle "CBM 156"]
[Source "ChessBase"]
[SourceDate "2013.09.17"]
[SourceVersion "1"]
[SourceVersionDate "2013.09.17"]
[SourceQuality "1"]
[WhiteTeam "Friends of Razuvaev"]
[BlackTeam "Women"]

1. e4 c5 2. Nf3 d6 3. d4 cxd4 4. Nxd4 Nf6 5. Nc3 Nc6 6. Bc4 {I have written 4
books on the Fischer Sicilian and suddenly before the game I decided to use
the old weapon! And it was completely unexpected by my opponent. I must say
that I always enjoyed the Fischer Sicilian! But what a pity, I have played it
just once in 5 years, since I retired from tournament chess!} Bd7 {This is the
way which Dragon players use, like the great Leonid Stein.} 7. O-O {In my
opinion the bishop move to b3 is a loss of tempo!} ({Usually play transposes
into the Dragon, favourably for Black in my opinion:} 7. Bb3 Nxd4 8. Qxd4 g6 9.
Bg5 Bg7 10. f3 O-O 11. Qe3 (11. Qd2 b5 12. O-O-O a6 (12... a5 13. e5 b4 14.
exf6 bxc3 15. Qxc3 exf6 16. Bf4 f5 17. Qd3 a4 18. Bd5 Qb6)) 11... b5 12. h4 b4)
7... e6 ({A very serious alternative here is to continue in the Dragon way:} 
7... g6 8. Bg5 Bg7 9. Nd5 $1 Nxd4 10. Qxd4 O-O 11. Nxf6+ exf6 12. Bf4 $14 f5
13. Qxd6 fxe4 14. Bd5) 8. Kh1 Be7 9. f4 Nxe4 $5 {A very risky try.} ({A more
logical move was} 9... O-O 10. f5 $14 e5 (10... Qc8 11. fxe6 fxe6 12. Nf5 $1 b5
13. Nxb5 Nxe4 14. Qg4 Rxf5 15. Qxf5 Nf6 $14 16. Qh3 Nb4 17. Be2 Nxc2 18. Rb1
Rb8 19. Nc3 Qc5 $2 (19... Nd4 20. Bd3 e5 21. Qg3 Bf5 $44) 20. Qg3 {Pavlov,
M-Averbakh,Y/Bucuresti 1971 with better play.}) (10... Nxd4 11. Qxd4 Qc7 12.
Bg5 Rac8 13. Bb3 a6 14. Rae1 b5 15. a3 {with slight pressure.}) (10... Qb6 11.
fxe6 Qxd4 12. Qxd4 Nxd4 13. exd7 Nxc2 14. Rb1 Rad8) 11. Nde2 Rc8 12. Ng3 Nb4 $6
(12... Nd4) 13. Bb3 b5 14. Bg5 Bc6 (14... Nxe4 15. Ncxe4 Bxg5 16. Nxg5 Qxg5 17.
Qxd6 $18) 15. Bxf6 Bxf6 16. Nh5 $16 {Gufeld,E-Stein,L/USSR 1971}) (9... Nxd4
10. Qxd4 Bc6 11. f5 e5 12. Qd3 Nxe4 13. Nxe4 d5 14. Qg3 dxc4 15. Qxg7 Rf8 16.
f6 Bb4 17. Ng5 Qd5 18. Nxh7 {Drimer,D-Damjanovic,M/Havana 1968 with a winning
attack,.}) 10. Nxe4 d5 11. f5 $1 ({I examined another tempting option} 11. Bxd5
exd5 12. Nc3 Nxd4 13. Qxd4 O-O 14. Nxd5 Bc6 15. c4 Bxd5 16. cxd5 Bf6 17. Qd3
Qd7 {but decided that Black has there compensation for the pawn} 18. Rb1 Rad8
19. Rd1 Qa4) 11... dxc4 12. fxe6 Bxe6 (12... fxe6 {was very bad:} 13. Nb5 (13.
Bg5 Bxg5 (13... Qb6 14. Nxe6 Bxe6 15. Bxe7 Qd4 16. Qh5+ Kxe7 17. Qh4+ Ke8 18.
Rad1) 14. Nd6+)) 13. Nxe6 fxe6 ({Huge problems awaited Black in the endgame} 
13... Qxd1 14. Nxg7+ Kf8 15. Ne6+ Ke8 (15... Kg8 16. Rxd1 fxe6 17. Bg5) 16.
Nc7+ Kd8 17. Rxd1+ Kxc7 18. Bf4+) 14. Qg4 Qd5 ({Black would have destroyed all
his chances of castling after} 14... Qd7 15. Rd1 Ne5 16. Qh5+ g6 17. Qe2 Qc7
18. Bh6) 15. Nc3 (15. Be3 {was less convincing:} O-O-O 16. Nc3 Qe5 17. Rae1 Nd4
) 15... Qe5 16. Qxc4 (16. Bf4 {was weaker:} Qf5 17. Qxg7 O-O-O 18. Be3 (18. Bc7
Rdg8 19. Qxg8+ Rxg8 20. Rxf5 exf5) 18... Qg6 {with unclear play.} (18... Qxc2))
16... Rf8 ({A very difficult life awaits Black after} 16... O-O-O 17. Bf4 Qf6
18. Nb5) 17. Bf4 ({I was calculating another good line} 17. Rxf8+ Kxf8 18. Bf4
Qd4 19. Qe2 Re8 20. Rf1 Bf6 21. Ne4 Kg8 22. c3 Qd7 23. Rd1) 17... Qd4 18. Qxe6
({A very tempting idea was} 18. Qb3 Rxf4 (18... Qb4 19. Qxe6 Rxf4 20. Nd5 Rxf1+
21. Rxf1 Qd6 22. Qg8+ Kd7 23. Qxa8 Qxd5 24. Qxb7+ Kd8 25. c3) 19. Qxb7) 18...
Rxf4 19. Qg8+ Rf8 ({Easier loses} 19... Bf8 20. Rae1+ Kd7 (20... Kd8 21. Ne2
Rxf1+ 22. Rxf1) 21. Rxf4 Qxf4 22. Qe6+ Kd8 23. Qe8+ Kc7 24. Nd5+) 20. Rxf8+
Bxf8 21. Rf1 {The simplest is to transfer into endgame with an extra pawn.} ({
Much more complicated ways were} 21. Re1+ Ne7) ({and} 21. Qe6+ Be7 22. Rf1 Rd8
23. Qf7+ Kd7 24. Rd1) 21... O-O-O ({Or} 21... Ke7 22. Qf7+ Kd6 23. Nb5+) 22.
Rxf8 Qe5 23. Rxd8+ Nxd8 24. Qc4+ Nc6 25. g3 ({A slightly different way of
defence was possible:} 25. h3 Qe1+ 26. Kh2 Qe5+ 27. g3) 25... Qe1+ 26. Kg2 Qd2+
27. Ne2 ({Too long, but a tempting line was} 27. Qe2 Qxe2+ 28. Nxe2 Nb4 29. c3
Nxa2 30. Kf3 Kd7 31. Ke4 Ke6 32. Kd3 Ke5 33. Kc2 Ke4 34. Kb1 Nxc3+ 35. Nxc3+
Kf3) 27... h6 28. Kf2 g5 29. a3 Qd6 30. b4 a6 31. c3 ({Here the centralisation
with} 31. Qe4 Ne5 32. c4 Nd3+ 33. Ke3 {was better}) 31... Kb8 32. Nd4 ({
Once more centralisation was better:} 32. Qe4 Qf6+ 33. Kg2 Kc7 34. c4 (34. a4))
32... Qf6+ 33. Kg2 ({It was preferable was to keep the king in the centre:} 33.
Ke2 Nxd4+ 34. Qxd4 Qe6+ 35. Kd3) 33... Nxd4 34. cxd4 h5 35. Qc5 Qg6 36. Qf8+
Ka7 37. Qc5+ Ka8 38. d5 Qe4+ 39. Kf2 g4 ({Many more chances for a draw were
promised by} 39... Qh1) 40. Qc8+ Ka7 41. Qc5+ Ka8 42. d6 Qf3+ 43. Ke1 Qh1+ 44.
Ke2 Qxh2+ 45. Qf2 Qh1 ({The pawn ending is clearly lost:} 45... Qxf2+ 46. Kxf2
Kb8 47. Ke3 Kc8 48. Kf4 Kd7 49. Kg5 Kxd6 50. Kxh5) 46. d7 (46. Qf8+ {promised
nothing:} Ka7 47. Qf4 Kb6 48. d7 Qd5 49. Qf8 Qe4+ 50. Kd2 Qd4+ 51. Kc2 Qc4+)
46... Qe4+ 47. Qe3 Qc2+ 48. Ke1 Qb1+ 49. Kd2 {Now White starts a typical
winning plan in such endings - to sacrifice pawns, but to come to help his own
advanced pawn.} Qb2+ 50. Kd3 Qxa3+ 51. Kd4 Qxb4+ 52. Kd5 Qa5+ ({White was also
winning after the better} 52... Qb5+ 53. Ke6 Qc6+ 54. Ke7 Qc7 55. Qe4 (55. Qe6
h4 56. Ke8) (55. Qf4 Qc5+ 56. Qd6 Qg5+ 57. Qf6 Qc5+ 58. Ke8) 55... h4 56. Ke8)
53. Kd6 h4 (53... Qb4+ 54. Qc5 Qd2+ 55. Kc7) 54. Qe8+ Ka7 55. d8=Q Qa3+ 56. Ke6
1-0

[Event "Reykjavik Olis m"]
[Site "Reykjavik"]
[Date "2003.02.12"]
[Round "3"]
[White "Movsesian, Sergei"]
[Black "Stefansson, Hannes"]
[Result "1/2-1/2"]
[WhiteElo "2663"]
[BlackElo "2569"]
[Annotator "Movsesian,S"]
[PlyCount "103"]
[EventDate "2003.02.10"]
[EventType "match"]
[EventRounds "6"]
[EventCountry "ISL"]
[SourceTitle "CBM 094"]
[Source "ChessBase"]
[SourceDate "2003.05.26"]
[SourceVersion "1"]
[SourceVersionDate "2003.05.26"]
[SourceQuality "1"]

1. e4 c5 2. Nf3 d6 3. d4 cxd4 4. Nxd4 Nf6 5. Nc3 Nc6 6. Bc4 e6 7. O-O Be7 8. a3
O-O 9. Ba2 Bd7 10. Be3 Nxd4 11. Bxd4 Bc6 12. Qd3 {Quite a rare line, but I've
decided after a 2 wins to try to play some quiet position with slight
advantage.} d5 13. e5 Ne4 14. Rad1 Nxc3 {Black can't wait with this exchange.}
(14... Qc7 15. Nxe4 dxe4 16. Qe3 $16) 15. Qxc3 Rc8 16. Qh3 Ba4 17. Rd2 Bb5 (
17... Bxc2 $2 18. Rxc2 Rxc2 19. Bb1 Qc7 20. Qd3 Rc8 21. Bc3 $18) 18. Re1 Bg5 {
Black has to except the fact, that white is going to be better for a long time
in this game, leaving black-squared bishops would be too dangerous.} 19. Be3
Bxe3 20. Qxe3 a6 21. c3 f5 22. exf6 Rxf6 23. f4 Qd6 24. g3 Bc4 $6 {Allows
white to improve a pawn structure on queen's side.} 25. b3 $1 Bb5 26. c4 Bc6
27. b4 Rd8 28. Qe5 Qd7 29. a4 $1 b5 30. cxb5 axb5 31. a5 Bb7 32. Rc2 Rc8 33.
Rec1 $6 {Underestimating black's only counter play} (33. Rxc8+ $5 {was keeping
a big positional advantage} Qxc8 34. f5 $1 Qc2 35. Bb1 Qd2 36. Rf1 $16) 33...
Rc4 $1 34. Bxc4 dxc4 35. h4 Rf5 $1 36. Qe3 Rd5 37. Re2 e5 38. a6 $1 (38. Kh2
Bc8) 38... Bc6 39. Kh2 Qg4 40. Rf2 $2 {Giving up an advantage.} (40. f5) (40.
Rg2 $18) 40... Rd3 41. Qxd3 cxd3 42. Rxc6 Qd7 $1 43. Rc1 Qa7 $1 44. Ra2 exf4 ({
Black could even try to play on win here, but it objectively doesn't work} 
44... e4 45. Rc8+ (45. Re1 $2 e3 46. Rxe3 d2 $3 47. Re8+ Kf7 48. Rd8 Qf2+ 49.
Kh3 d1=Q $19) 45... Kf7 46. Rc5 e3 47. Rxb5 Kf6 48. Rb7 Qa8 49. Rb6+ Kf7 50. a7
$18) 45. gxf4 Qe3 $11 46. Rf1 d2 47. Raa1 Qe2+ 48. Kg3 Qe3+ 49. Kg2 (49. Kg4
Qe2+ 50. Kf5 Kf7) 49... Qe2+ 50. Kg1 Qe3+ 51. Kh2 Qe2+ 52. Kg3 1/2-1/2

[Event "Bad Woerishofen op 13th"]
[Site "Bad Woerishofen"]
[Date "1997.??.??"]
[Round "7"]
[White "Movsziszian, Karen"]
[Black "Lerner, Konstantin Z"]
[Result "1/2-1/2"]
[WhiteElo "2490"]
[BlackElo "2570"]
[Annotator "Mowsziszian,K"]
[PlyCount "99"]
[EventDate "1997.03.07"]
[EventType "swiss"]
[EventRounds "9"]
[EventCountry "GER"]
[SourceTitle "EXT 2000"]
[Source "ChessBase"]
[SourceDate "1999.11.16"]
[SourceVersion "1"]
[SourceVersionDate "1999.11.16"]
[SourceQuality "1"]

1. e4 c5 2. Nf3 Nc6 3. d4 cxd4 4. Nxd4 Nf6 5. Nc3 d6 6. Bc4 Qb6 (6... e6 7. Be3
a6 8. Bb3 Qc7 9. f4 Be7 (9... b5 10. f5 Nxd4 11. Bxd4 (11. Qxd4 Be7 12. g4 O-O
13. Rg1 Kh8 14. g5 Nd7 15. O-O-O Ne5 16. f6 gxf6 17. gxf6 Bxf6 18. Rdf1 Bg7 19.
Ne2 Bb7 20. Rxg7 Kxg7 21. Nf4 Kh8 22. Nd3 Qe7 23. Bh6 f6 24. Nf4 Nc4 25. Bxf8
Rxf8 26. Bxc4 e5 27. Qd2 bxc4 28. Nd5 Qg7 {1-0 Gross,S-Tomescu,V/Decin op (06)
;EXP 53 1996 (40)}) 11... Be7 12. a3 O-O 13. O-O Bd7 14. Qd3 Rac8 15. Kh1 Qb7
16. Rae1 e5 17. Be3 Rxc3 18. bxc3 Nxe4 19. c4 Bc6 20. Rb1 Qa8 {0-1 Gorelov,
S-Serper,G/RUS-chT Moscow (06) ;EXP 45 1994 (36)}) 10. Qf3 O-O (10... Nxd4 11.
Bxd4 b5 12. a3 O-O 13. O-O Qb7 14. f5 Kh8 15. fxe6 fxe6 16. Qg3 Bd7 17. e5 dxe5
18. Bxe5 a5 19. Ne2 Rf7 20. Qh3 Bd6 21. Nf4 Qc7 22. Bxe6 Qc5+ 23. Kh1 Bxe6 24.
Qxe6 Bxe5 25. Qxf7 Bxb2 26. Rab1 Qxc2 27. Qa2 {1-0 Rublevsky,S-Aseev,K/St.
Petersburg op (07) ;EXP 46 1995}) 11. O-O Nxd4 12. Bxd4 b5 13. e5 dxe5 14. fxe5
Bc5 15. Bxc5 Qxc5+ 16. Rf2 Nd5 17. Nxd5 exd5 18. Qxd5 Qxd5 19. Bxd5 Ra7 20. a4
{1-0 Onischuk,A-Lerner,K/Bad Zwesten (7) 1997 (51)}) 7. Ndb5 a6 8. Be3 Qd8 9.
Nd4 e6 10. Bb3 Qc7 11. f4 Be7 12. Qf3 O-O 13. O-O Nxd4 14. Bxd4 b5 15. e5 dxe5
16. fxe5 Nd7 $146 {gegen Onischuk hat er Bc5 gespielt.} 17. Bxe6 $5 (17. Qxa8
Bb7 18. Qa7 Ra8 19. Qxa8+ Bxa8 $15 {Der Ba8 ist stark, das Feld g2 schwach.})
17... fxe6 18. Qxa8 Bb7 19. Rxf8+ Nxf8 (19... Bxf8 $2 20. Qe8 Qc6 21. Kf2 $8
Qxg2+ 22. Ke1 Qh1+ 23. Kd2 Qxh2+ 24. Ne2 $16) 20. Qe8 Bc5 21. Ne2 $5 (21. Rd1
Qxe5 22. Bxc5 Qxc5+ 23. Kf1 (23. Kh1) 23... Qf5+ 24. Ke1 (24. Kg1 Qxc2 $19)
24... Bxg2 $17) (21. Bxc5 Qxc5+ 22. Kh1 Qf2 23. Rg1 Bxg2+ 24. Rxg2 Qf1+ 25. Rg1
Qf3+ $11) 21... Qxe5 22. Rf1 Bxd4+ 23. Nxd4 Qxd4+ 24. Kh1 Bxg2+ $8 25. Kxg2
Qd2+ 26. Kg3 Qg5+ 27. Kf2 Qd2+ 28. Kf3 $1 $14 h6 $6 (28... g5 $5) (28... Qxh2
29. Ke3 Qg3+ 30. Kd2 Qg2+ 31. Ke1 Qe4+ 32. Kd1 Qd5+ 33. Kc1 Qg5+ 34. Kb1 $18) (
28... Qxc2 29. Kg3 Qd3+ 30. Rf3 Qd6+ 31. Kh3 h6 32. Qf7+ $18) 29. h4 $6 (29.
Qa8 $5 Qxh2 30. Ke3) 29... g5 30. hxg5 hxg5 31. Qa8 (31. Qc8 $5) 31... Kg7 32.
Rf2 (32. Qa7+ Nd7 33. Qxa6 g4+ 34. Kg3 Qe3+ 35. Kxg4 Qe2+ $17) 32... Qd1+ 33.
Ke3 Ng6 34. Qb7+ Kh6 35. Rh2+ Nh4 36. Qf7 Qe1+ 37. Kd4 Qb4+ 38. Ke5 Qxb2+ (
38... Qc5+ 39. Kf6 (39. Kxe6 $2 Qc4+ 40. Ke7 (40. Kf6 Qf4+) 40... Qc7+ $19)
39... Qd4+ 40. Ke7 $11) 39. Kxe6 Qxa2+ 40. Ke7 Qxf7+ 41. Kxf7 Kh5 42. Ke6 g4
43. Kd5 g3 44. Rh3 $1 {Der schönste Weg zum Remis.} Kg4 45. Rxg3+ Kxg3 46. Kc5
Nf5 47. Kb6 Nd4 (47... Kf4 48. Kxa6 Nd6 49. Kb6 Ke5 50. Kc5 Ke6 51. Kc6 Ke7 52.
Kc5 Kd7 53. Kb6 $11 {Die Stellung ist Remis.}) 48. Kxa6 Kf4 49. Ka5 Ke3 50. Kb4
1/2-1/2